[Event "AUTO-OPEN-4526"]
[Site "http://www.queenalice.com/game.php?id=1836395"]
[Date "2024.5.6"]
[Round "1"]
[White "gizmokaka"]
[Black "Equiferus"]
[Result "1-0"]
[WhiteElo "2658"]
[BlackElo "1856"]

1. c4 d5 2. cxd5 Qxd5 3. Nc3 Qd6 4. d4 e5 5. dxe5 Qxe5 6. Nf3 Qd6 7. Qc2 Nf6 8.
e4 Qe6 9. Ng5 Qg4 10. h3 Qh5 11. e5 Nfd7 12. Be2 Qg6 13. Bd3 Qc6 14. Be4 Qc5 15.
Be3 Qxe5 16. f4 Qf6 17. Nd5 Qd6 18. Nxc7+ Ke7 19. Nd5+ 1-0

[Event "AUTO-OPEN-4526"]
[Site "http://www.queenalice.com/game.php?id=1836396"]
[Date "2024.5.6"]
[Round "1"]
[White "Equiferus"]
[Black "gizmokaka"]
[Result "0-1"]
[WhiteElo "1836"]
[BlackElo "2655"]

1. d4 Nf6 2. c4 g6 3. e3 Bg7 4. b4 d6 5. Be2 c5 6. bxc5 dxc5 7. Nf3 Ne4 8. Bb2
cxd4 9. exd4 Qb6 10. Ba3 Nc6 11. Qb3 Nxd4 12. Qd3 Bf5 13. O-O Ng3 14. Qe3 Ndxe2+
0-1

[Event "AUTO-OPEN-4526"]
[Site "http://www.queenalice.com/game.php?id=1836429"]
[Date "2024.5.6"]
[Round "1"]
[White "renet54"]
[Black "Equiferus"]
[Result "0-1"]
[WhiteElo "1530"]
[BlackElo "1801"]

1. d4 f5 2. e3 Nf6 3. Nf3 g6 4. Nc3 Bg7 5. h3 O-O 6. Bd3 d5 7. g4 Ne4 8. Nxe4
dxe4 9. Bc4+ e6 10. Nd2 Kh8 11. f4 Qh4+ 12. Ke2 fxg4 13. Nxe4 Nc6 14. c3 gxh3
15. Qf1 e5 16. Rxh3 Bxh3 17. Qd1 Bg4+ 18. Kd2 Bxd1 19. Kxd1 Qh1+ 20. Kc2 Qxe4+
21. Kb3 Na5+ 22. Kb4 Nc6+ 23. Kb3 Na5+ 24. Kb4 Nxc4 25. Kxc4 Qc6+ 26. Kb3 exd4
27. cxd4 a5 28. a4 b5 29. axb5 Rab8 30. Rxa5 Rf5 31. Kb4 Rfxb5+ 32. Rxb5 Rxb5+
33. Ka4 Qa6# 0-1

[Event "AUTO-OPEN-4526"]
[Site "http://www.queenalice.com/game.php?id=1836430"]
[Date "2024.5.6"]
[Round "1"]
[White "Equiferus"]
[Black "renet54"]
[Result "1-0"]
[WhiteElo "1820"]
[BlackElo "1507"]

1. d4 Nf6 2. Nf3 d5 3. e3 e6 4. Bd3 Bd6 5. h3 O-O 6. O-O Nc6 7. Nbd2 Nb4 8. Be2
a5 9. a3 Nc6 10. c4 dxc4 11. Nxc4 Be7 12. Nce5 Nxe5 13. Nxe5 Bd6 14. Nc4 Be7 15.
a4 Qe8 16. Bd2 b6 17. Bf3 c6 18. Nxb6 Ba6 19. Nxa8 Bxf1 20. Nc7 Qd7 21. Nxe6
Qxe6 22. Kxf1 Rd8 23. Bxa5 Re8 24. Rc1 Bd6 25. Rxc6 Ne4 26. d5 Qe5 27. g3 Nxg3+
28. Kg2 Nf5 29. Kf1 Nxe3+ 30. fxe3 Qxe3 31. Rxd6 h6 32. Bd2 Qd3+ 33. Kg2 Qd4 34.
b3 Qd3 35. b4 Qf5 36. a5 Qe5 37. Rd7 Qf5 38. Rc7 Qg6+ 39. Kh2 Qd6+ 40. Kg2 Qxc7
41. Qb3 Qd6 42. b5 Qg6+ 43. Kf2 Qf5 44. Kg2 Qg6+ 45. Kh2 Qd6+ 46. Kg2 Qg6+ 47.
Kf2 Qf5 48. Kg2 Qg6+ 49. Kh2 Rd8 50. b6 Qd6+ 51. Kg2 Qg6+ 52. Kf2 Qf5 53. b7
Qxh3 54. b8=Q Qh2+ 55. Qxh2 Re8 56. d6 1-0

[Event "AUTO-ADV-4773"]
[Site "http://www.queenalice.com/game.php?id=1838359"]
[Date "2024.6.10"]
[Round "2"]
[White "carlitomontana93270"]
[Black "Equiferus"]
[Result "0-1"]
[WhiteElo "1871"]
[BlackElo "1803"]

1. c4 d5 2. cxd5 Qxd5 3. Nc3 Qd8 4. d4 e5 5. dxe5 Qxd1+ 6. Nxd1 Nc6 7. Nf3 Bg4
8. Bf4 O-O-O 9. Ne3 Bb4+ 10. Nd2 Bxd2+ 11. Kd1 Bxe3+ 0-1

[Event "AUTO-ADV-4773"]
[Site "http://www.queenalice.com/game.php?id=1838360"]
[Date "2024.6.10"]
[Round "2"]
[White "Equiferus"]
[Black "carlitomontana93270"]
[Result "1-0"]
[WhiteElo "1740"]
[BlackElo "1834"]

1. d4 d6 2. Nf3 e6 3. e3 g6 4. Bd3 Bg7 5. O-O Nf6 6. c4 O-O 7. Nc3 Nbd7 8. Qc2
d5 9. c5 c6 10. h3 Re8 11. e4 dxe4 12. Nxe4 Nxe4 13. Bxe4 Nf6 14. Bg5 h6 15. Bh4
b6 16. Bxc6 Rf8 17. Bxa8 Ba6 18. Rfe1 Qxa8 19. c6 Nd5 20. Ne5 Nb4 21. Qc3 Nd5
22. Qc2 Rc8 23. Qa4 Bxe5 24. Rxe5 Rxc6 25. Qxa6 Rc2 26. Qb5 Nf4 27. Qf1 Rxb2 28.
d5 Nxd5 29. Re2 Rb5 30. Rc2 Kg7 31. Rac1 Qe8 32. Rc8 Qd7 33. Rd8 Qxd8 34. Bxd8
1-0

[Event "AUTO-OPEN-4521"]
[Site "http://www.queenalice.com/game.php?id=1838936"]
[Date "2024.6.20"]
[Round "2"]
[White "fbenevides2019"]
[Black "Equiferus"]
[Result "1-0"]
[WhiteElo "1616"]
[BlackElo "1819"]

1. e3 d5 2. Nf3 e6 3. d4 Bd6 4. Nc3 Nf6 5. h3 O-O 6. Qe2 c5 7. dxc5 Bxc5 8. Qb5
Nbd7 9. a3 a6 10. Qd3 b5 11. b4 Bb6 12. Be2 Bb7 13. O-O Bc7 14. Bb2 h6 15. Nd1
e5 16. Qd2 Ne4 17. Qc1 Qf6 18. c3 Qg6 19. g4 h5 20. Nh2 hxg4 21. hxg4 Ndf6 22.
Kh1 d4 23. Kg1 Ng5 24. f3 Qh6 25. cxd4 e4 26. Qxc7 Rab8 27. Qg3 exf3 28. Bxf3
Nfe4 29. Qg2 Qh4 30. Nf2 f5 31. Rad1 Nxf3+ 32. Nxf3 Qg3 33. Nxe4 Qxg2+ 34. Kxg2
Bxe4 35. g5 1-0

[Event "AUTO-OPEN-4521"]
[Site "http://www.queenalice.com/game.php?id=1838937"]
[Date "2024.6.20"]
[Round "2"]
[White "Equiferus"]
[Black "fbenevides2019"]
[Result "0-1"]
[WhiteElo "1795"]
[BlackElo "1640"]

1. d4 d5 2. Nf3 Nc6 3. e3 a6 4. Be2 Nf6 5. O-O Qd6 6. b3 Bg4 7. h3 Bxf3 8. Bxf3
e5 9. Bb2 e4 10. Be2 Be7 11. Nd2 O-O 12. f3 exf3 13. Bxf3 Nd8 14. c4 c6 15. c5
Qc7 16. g4 Qg3+ 17. Bg2 Qxe3+ 18. Kh1 Re8 19. Nf3 Qe6 20. Ne5 h6 21. Rf5 g6 22.
Rf4 g5 23. Rf5 Rf8 24. Qf1 Kg7 25. Re1 Qc8 26. Bc1 Ne6 27. Bb2 Qc7 28. h4 Rae8
29. Bc1 gxh4 30. Bf3 Qa5 31. g5 Nxg5 32. Bxg5 h3 33. Bxh6+ Kh8 34. Re2 Rg8 35.
Nxf7+ Kh7 36. Qxh3 Bxc5 0-1

[Event "AUTO-OPEN-4521"]
[Site "http://www.queenalice.com/game.php?id=1838942"]
[Date "2024.6.20"]
[Round "2"]
[White "Kapablanca"]
[Black "Equiferus"]
[Result "1-0"]
[WhiteElo "2183"]
[BlackElo "1821"]

1. d4 d5 2. c4 Nf6 3. Nc3 e6 4. e3 c5 5. Nf3 cxd4 6. exd4 Be7 7. cxd5 exd5 8.
Be2 O-O 9. O-O Bf5 10. Qb3 b6 11. Bg5 Be6 12. Ne5 h6 13. Bh4 g5 14. Bg3 Ne4 15.
Rfd1 1-0

[Event "AUTO-OPEN-4521"]
[Site "http://www.queenalice.com/game.php?id=1838943"]
[Date "2024.6.20"]
[Round "2"]
[White "Equiferus"]
[Black "Kapablanca"]
[Result "0-1"]
[WhiteElo "1823"]
[BlackElo "2182"]

1. d4 e6 2. Nf3 d5 3. e3 Nf6 4. Bd3 Bd6 5. O-O O-O 6. c4 c5 7. cxd5 exd5 8. Re1
cxd4 9. Nxd4 Nc6 10. Nd2 Nxd4 11. exd4 Bg4 12. f3 Bh5 13. Qb3 b6 14. Rf1 Re8 15.
Bf5 Bg6 16. Bh3 Bf4 0-1

[Event "AUTO-ADV-4829"]
[Site "http://www.queenalice.com/game.php?id=1848100"]
[Date "2024.12.1"]
[Round "1"]
[White "Equiferus"]
[Black "Carlos19"]
[Result "0-1"]
[WhiteElo "1749"]
[BlackElo "1562"]

1. d4 e6 2. Nf3 Nf6 3. e3 Nc6 4. Be2 d5 5. c4 dxc4 6. Bxc4 h6 7. O-O a6 8. Nc3
b5 9. Bd3 Bb4 10. a3 Bxc3 11. bxc3 O-O 12. Qc2 Bb7 13. Qe2 Na5 14. Bc2 Bxf3 15.
Qxf3 Nc4 16. e4 e5 17. d5 Nd6 18. Re1 Qd7 19. h3 c6 20. a4 a5 21. Qg3 Nh7 22.
Bxh6 g5 23. Bxf8 Rxf8 0-1

[Event "AUTO-ADV-4829"]
[Site "http://www.queenalice.com/game.php?id=1848101"]
[Date "2024.12.1"]
[Round "1"]
[White "Carlos19"]
[Black "Equiferus"]
[Result "1-0"]
[WhiteElo "1585"]
[BlackElo "1726"]

1. e4 d5 2. e5 d4 3. Bc4 Nc6 4. Nf3 Bg4 5. h3 Bxf3 6. Qxf3 Nxe5 7. Qd5 Qxd5 8.
Bxd5 c6 9. Bb3 e6 10. f4 Ng6 11. d3 O-O-O 12. O-O Nf6 13. f5 Nh4 14. fxe6 fxe6
15. Bxe6+ Kb8 16. Bg5 Ng6 17. Bxf6 Rd6 18. Bxg7 Bxg7 19. Bg4 Ne5 20. Bh5 c5 21.
Na3 a6 22. Nc4 1-0

[Event "AUTO-ADV-4829"]
[Site "http://www.queenalice.com/game.php?id=1848102"]
[Date "2024.12.1"]
[Round "1"]
[White "Equiferus"]
[Black "shmurtz91"]
[Result "0-1"]
[WhiteElo "1701"]
[BlackElo "2024"]

1. d4 c6 2. Nc3 d5 3. Nf3 Bg4 4. h3 Bh5 5. Bf4 Nf6 6. e3 Nbd7 7. Be2 e6 8. O-O
h6 9. a3 Be7 10. b4 O-O 11. g4 Bg6 12. Nh4 Bh7 13. Bf3 g5 14. Nf5 exf5 15. Bg3
Ne4 16. Nxe4 fxg4 17. Nxg5 gxf3 18. Nxf3 Nf6 19. Be5 Nd7 20. Bh2 Nb6 21. Qe2 Qd7
0-1

[Event "AUTO-ADV-4829"]
[Site "http://www.queenalice.com/game.php?id=1848103"]
[Date "2024.12.1"]
[Round "1"]
[White "shmurtz91"]
[Black "Equiferus"]
[Result "1-0"]
[WhiteElo "2021"]
[BlackElo "1704"]

1. d4 d5 2. c4 e6 3. Nf3 Nf6 4. Bg5 Be7 5. Nc3 O-O 6. e3 h6 7. Bxf6 Bxf6 8. Rc1
c6 9. e4 a6 10. e5 Be7 11. Bd3 Nd7 12. O-O c5 13. Bb1 Nb6 14. b3 cxd4 15. Nxd4
Bg5 16. Rc2 dxc4 17. bxc4 Nxc4 18. Ne4 Nxe5 19. f4 Nc6 20. fxg5 Nxd4 21. Rd2 e5
22. Qh5 1-0

[Event "AUTO-ADV-4829"]
[Site "http://www.queenalice.com/game.php?id=1848104"]
[Date "2024.12.1"]
[Round "1"]
[White "Equiferus"]
[Black "mvson33"]
[Result "0-1"]
[WhiteElo "1698"]
[BlackElo "1758"]

1. d4 Nf6 2. Nf3 d5 3. e3 Bg4 4. Be2 e6 5. Nc3 Bb4 6. Bd2 O-O 7. O-O c5 8. dxc5
Bxc5 9. h3 Bh5 10. a3 Nbd7 11. b4 Bb6 12. Qc1 Rc8 13. Nh4 Bxe2 14. Nxe2 Ne4 15.
Nf3 Nxd2 16. Qxd2 Bc7 17. Rac1 Nf6 18. Ned4 Bd6 19. Nb5 Bb8 20. Qd4 a6 0-1

[Event "AUTO-ADV-4829"]
[Site "http://www.queenalice.com/game.php?id=1848105"]
[Date "2024.12.1"]
[Round "1"]
[White "mvson33"]
[Black "Equiferus"]
[Result "1-0"]
[WhiteElo "1772"]
[BlackElo "1684"]

1. e4 d5 2. exd5 Qxd5 3. Nc3 Qa5 4. d4 c6 5. Bd2 Qc7 6. Nf3 Nf6 7. Bc4 e6 8. O-O
Be7 9. Bb3 O-O 10. Bg5 Nbd7 11. Re1 Bd6 12. Ne2 Ne4 13. Bh4 Ndf6 14. Bg3 Nxg3
15. Nxg3 Bxg3 16. fxg3 h6 17. c3 Qb6 18. Rb1 Rd8 19. Re5 Ng4 20. Re1 c5 21. Qe2
1-0